000 00436nam a2200169Ia 4500
005 20250424120318.0
008 250424s9999 xx 000 0 und d
022 _a18032443
050 _aBL 1 .P36/
245 0 _aPantheon: journal for the study of religions
260 _aCzech Republic
260 _bUniversity pardubice
260 _c2010
300 _a186 p. :ill. ; 24 cm.
650 _aReligions--Periodicals.
942 _cSR
999 _c38597
_d38597